Catálogo
 En Linea

Recopilación jurisprudencial integrada de las desiciones de la Suprema Corte de Justicia de la República Dominicana : (Registro nro. 47783)

Detalles MARC
000 -CABECERA
campo de control de longitud fija 01407nam a2200301 a 4500
003 - IDENTIFICADOR DEL NÚMERO DE CONTROL
campo de control OSt
005 - FECHA Y HORA DE LA ÚLTIMA TRANSACCIÓN
campo de control 20201106132709.0
008 - DATOS DE LONGITUD FIJA--INFORMACIÓN GENERAL
campo de control de longitud fija 181213s2002 000 spa d
020 ## - NÚMERO INTERNACIONAL ESTÁNDAR DEL LIBRO
Número Internacional Estándar del Libro 9993402540
040 ## - FUENTE DE LA CATALOGACIÓN
Centro catalogador/agencia de origen DO-SdBNP
Lengua de catalogación spa
Centro/agencia transcriptor BNPHU
082 ## - NÚMERO DE LA CLASIFICACIÓN DECIMAL DEWEY
Número de clasificación BNPHU PD 344.7293
Número de documento/Ítem R311j
245 #0 - MENCIÓN DE TÍTULO
Título Recopilación jurisprudencial integrada de las desiciones de la Suprema Corte de Justicia de la República Dominicana :
Resto del título materia, avance jurisprudencial /
Mención de responsabilidad, etc. L. Almanzor González Canahuate , compilador .
260 ## - PUBLICACIÓN, DISTRIBUCIÓN, ETC.
Lugar de publicación, distribución, etc. Santo Domingo :
Fecha de publicación, distribución, etc. 2002.
Nombre del editor, distribuidor, etc. [ s.n.] ,
300 ## - DESCRIPCIÓN FÍSICA
Extensión V.10, t.5 ;
Dimensiones 23.60 cms.
500 ## - NOTA GENERAL
Nota general Treinta y uno (31) años (enero- 1970, diciembre-2000) .-
500 ## - NOTA GENERAL
Nota general Materia : procedimiento civil, comercial y laboral .-
500 ## - NOTA GENERAL
Nota general Avance jurisprudencial : (prescripción, procedimiento, prueba, reapertura de debates.
501 ## - NOTA DE "CON"
Nota de “Con” 93.P. prescripción :<br/>No. 1. Prescripción adquisitiva.
501 ## - NOTA DE "CON"
Nota de “Con” No. 2 Prescripción. prescripción de la acción en responsabilidad civil fundada en un hecho delictual...
501 ## - NOTA DE "CON"
Nota de “Con” No. 3. Prescripción. interrupción de la prescripción.
501 ## - NOTA DE "CON"
Nota de “Con” No.4 Prescripción. Interrupción de la prescripción.
501 ## - NOTA DE "CON"
Nota de “Con” No. 5. Prescripción sin título.
501 ## - NOTA DE "CON"
Nota de “Con” 94. P. procedimiento- proceso.
501 ## - NOTA DE "CON"
Nota de “Con” 95. P. prueba.
501 ## - NOTA DE "CON"
Nota de “Con” 96. R. reapertura de debates.
700 ## - PUNTO DE ACCESO ADICIONAL--NOMBRE DE PERSONA
Nombre de persona Matos, Omar ,
Término indicativo de función/relación Diagramación
9 (RLIN) 76831
942 ## - ELEMENTOS DE PUNTO DE ACCESO ADICIONAL (KOHA)
Fuente del sistema de clasificación o colocación Dewey Decimal Classification
Tipo de ítem Koha Libros y folletos
Existencias
Estado de retiro Estado de pérdida Fuente del sistema de clasificación o colocación No para préstamo Localización permanente Ubicación/localización actual Fecha de adquisición Fuente de adquisición Total de préstamos Signatura topográfica completa Fecha visto por última vez Precio válido a partir de Tipo de ítem Koha
    Dewey Decimal Classification   Biblioteca Nacional Pedro Henríquez Ureña Biblioteca Nacional Pedro Henríquez Ureña 01.03.2017 Donado por el Poder Judicial   BNPHU PD 344.7293 R311j 09.10.2020 09.10.2020 Libros y folletos

Con tecnología Koha